| 000 | 01942cam a22003617i 4500 | ||
|---|---|---|---|
| 001 | 18610486 | ||
| 005 | 20230321123816.0 | ||
| 008 | 150509s2015 fluaf b 001 0 eng d | ||
| 010 | _a 2015297035 | ||
| 020 | _a9781482236699 | ||
| 020 | _a1482236699 | ||
| 035 | _a(OCoLC)ocn889181693 | ||
| 040 |
_aBTCTA _beng _cBTCTA _erda _dYDXCP _dBDX _dIXA _dTXI _dDLC |
||
| 042 | _alccopycat | ||
| 050 | 0 | 0 |
_aTJ223.M53 _bS46 2015 |
| 082 | 0 | 0 |
_a629.89 _223 _bSHE |
| 100 | 1 |
_aShertukde, Hemchandra Madhusudan, _eauthor. _9110850 |
|
| 245 | 1 | 0 |
_aDigital control applications illustrated with MATLAB® / _cHemchandra Madhusudan Shertukde, University of Hartford, CT, USA. |
| 264 | 1 |
_aBoca Raton, Florida : _bCRC Press, Taylor & Francis Group, _c[2015] |
|
| 300 |
_axvii, 365 pages, [8] pages of plates : _billustrations (some color) ; _c27 cm |
||
| 336 |
_atext _btxt _2rdacontent |
||
| 336 |
_astill image _bsti _2rdacontent |
||
| 337 |
_aunmediated _bn _2rdamedia |
||
| 338 |
_avolume _bnc _2rdacarrier |
||
| 504 | _aIncludes bibliographical references (pages 315-319) and index. | ||
| 505 | 0 | _aDigital control introduction and overview -- Mathematical models of discrete systems -- Performance criteria and the design process -- Compensator design via discrete equivalent -- Compensator design via direct methods -- State-variable feedback design methods -- Advanced design methods -- Estimation of system state -- Implementation issues in digital control. | |
| 520 | _a"Covers the modeling, analysis, and design of linear discrete control systems. Illustrating all topics using the micro-computer implementation of digital controllers aided by MATLAB®, Simulink®, and FEEDBACK®"--Back cover. | ||
| 650 | 0 | _aDigital control systems. | |
| 650 | 0 |
_aDigital control systems _xDesign. _984937 |
|
| 906 |
_a7 _bcbc _ccopycat _d2 _encip _f20 _gy-gencatlg |
||
| 942 |
_2ddc _cBK |
||
| 999 |
_c593953 _d593953 |
||